Les 10 drogues les plus consommées au monde - Statistiques

Statistiques générales
  • Ce quiz a été pris 4 454 fois
  • Le résultat moyen est 4 sur 10
Statistiques - réponses
Réponse % Correct
1 Cannabis
98%
3 Cocaïne
95%
5 LSD
51%
2 MDMA
42%
6 Champignons hallucinogènes
30%
8 Kétamine
29%
4 Amphétamines
20%
7 Protoxyde d'azote
7%
9 Opioïdes
6%
10 Benzodiazépines
3%
Aucun quiz correspondant
Distribution des résultats
% des personnes avec chaque résultat
Percentile par nombre de réponses
Votre historique - résultats
Vous n’avez pas pris ce quiz